[Event "Riga"]
[Site "Riga"]
[Date "1981.??.??"]
[Round "5"]
[White "Adorjan, Andras"]
[Black "Vogt, Lothar"]
[Result "1/2-1/2"]
[WhiteElo "2530"]
[BlackElo "2450"]
[PlyCount "40"]
[EventDate "1981.08.01"]
[EventType "tourn"]
[EventRounds "15"]
[EventCountry "URS"]
[EventCategory "10"]
[Source "ChessBase"]
[SourceDate "1999.07.01"]
[WhiteTeamCountry "ENG"]
[BlackTeamCountry "HUN"]

1. e4 c5 2. Nf3 e6 3. Nc3 d6 4. d4 cxd4 5. Nxd4 Nf6 6. f4 Be7 7. Be3 O-O 8. Be2
Nc6 9. O-O Bd7 10. Kh1 a6 11. Qe1 Qc7 12. Qg3 Nxd4 13. Bxd4 Bc6 14. Bd3 b5 15.
a3 Qb7 16. Rae1 b4 17. axb4 Qxb4 18. Ne2 Qb7 19. Nc3 Qb4 20. Ne2 Qb7 1/2-1/2

[Event "Riga"]
[Site "Riga"]
[Date "1981.??.??"]
[Round "7"]
[White "Adorjan, Andras"]
[Black "Tal, Mihail"]
[Result "1/2-1/2"]
[WhiteElo "2530"]
[BlackElo "2560"]
[PlyCount "34"]
[EventDate "1981.08.01"]
[EventType "tourn"]
[EventRounds "15"]
[EventCountry "URS"]
[EventCategory "10"]
[Source "ChessBase"]
[SourceDate "1999.07.01"]
[WhiteTeamCountry "ENG"]
[BlackTeamCountry "HUN"]

1. Nf3 c5 2. c4 Nf6 3. Nc3 d5 4. cxd5 Nxd5 5. g3 g6 6. Bg2 Bg7 7. O-O Nc6 8.
Nxd5 Qxd5 9. d3 O-O 10. Be3 Bd7 11. Nd4 Qd6 12. Nxc6 Bxc6 13. Bxc6 Qxc6 14. Rc1
Qe6 15. Rxc5 Qxa2 16. Rb5 Qa6 17. Qb3 b6 1/2-1/2

[Event "Riga"]
[Site "Riga"]
[Date "1981.??.??"]
[Round "8"]
[White "Petrosian, Arshak"]
[Black "Adorjan, Andras"]
[Result "0-1"]
[WhiteElo "2495"]
[BlackElo "2530"]
[PlyCount "90"]
[EventDate "1981.08.01"]
[EventType "tourn"]
[EventRounds "15"]
[EventCountry "URS"]
[EventCategory "10"]
[Source "ChessBase"]
[SourceDate "1999.07.01"]
[WhiteTeamCountry "ENG"]
[BlackTeamCountry "HUN"]

1. Nf3 Nf6 2. c4 c5 3. g3 b6 4. Bg2 Bb7 5. Nc3 g6 6. O-O Bg7 7. d4 cxd4 8. Nxd4
Bxg2 9. Kxg2 O-O 10. e4 Qc7 11. Qe2 Nc6 12. Nc2 a6 13. Bg5 e6 14. Rfd1 d6 15.
Rac1 h6 16. Bxf6 Bxf6 17. Qd2 Ne5 18. Ne3 Qb7 19. f4 Nc6 20. Kh3 Rad8 21. Rf1
Kh7 22. Rce1 b5 23. cxb5 axb5 24. a3 h5 25. g4 Rh8 26. g5 Bg7 27. f5 Be5 28.
Ne2 Rhf8 29. Nf4 Nd4 30. Qd3 Rc8 31. Ne2 Qb6 32. Nc3 b4 33. Nc4 Rxc4 34. Qxc4
bxc3 35. bxc3 Nc2 36. Rb1 Qe3+ 37. Kg2 Qd2+ 38. Kf3 Qxh2 39. Rf2 Qg3+ 40. Ke2
Nxa3 41. Rb8 Rxb8 42. Qc7 Qg4+ 43. Kf1 Qd1+ 44. Kg2 Qg4+ 45. Kf1 Rb1# 0-1

[Event "Riga"]
[Site "Riga"]
[Date "1981.??.??"]
[Round "9"]
[White "Adorjan, Andras"]
[Black "Romanishin, Oleg"]
[Result "0-1"]
[WhiteElo "2530"]
[BlackElo "2590"]
[PlyCount "90"]
[EventDate "1981.08.01"]
[EventType "tourn"]
[EventRounds "15"]
[EventCountry "URS"]
[EventCategory "10"]
[Source "ChessBase"]
[SourceDate "1999.07.01"]
[WhiteTeamCountry "ENG"]
[BlackTeamCountry "HUN"]

1. c4 e5 2. Nc3 Nc6 3. g3 g6 4. Bg2 Bg7 5. Rb1 Nf6 6. b4 O-O 7. d3 Re8 8. e4 a6
9. Nge2 b5 10. O-O d6 11. Nd5 Ne7 12. Bg5 Nfxd5 13. cxd5 Bg4 14. h3 Bd7 15. Qd2
Qc8 16. Kh2 c6 17. dxc6 Nxc6 18. Nc3 Be6 19. Rbc1 Qd7 20. Nd5 Bxd5 21. exd5 Nd4
22. Be3 Nf5 23. Rc2 Nxe3 24. Qxe3 a5 25. bxa5 Rxa5 26. Rfc1 Qa7 27. Qxa7 Rxa7
28. Rb1 Rb8 29. g4 Bf6 30. Kg1 Rba8 31. Rxb5 Rxa2 32. Rxa2 Rxa2 33. Rb6 Be7 34.
Be4 Kf8 35. g5 Kg7 36. h4 Ra7 37. Kg2 h6 38. Kh3 hxg5 39. hxg5 Ra2 40. Kg3 Ra1
41. Kg2 Ra2 42. Kg3 Bxg5 43. Rxd6 f5 44. Bg2 Bf4+ 45. Kf3 g5 0-1

[Event "Riga"]
[Site "Riga"]
[Date "1981.??.??"]
[Round "11"]
[White "Klovans, Janis"]
[Black "Adorjan, Andras"]
[Result "1/2-1/2"]
[WhiteElo "2455"]
[BlackElo "2530"]
[PlyCount "26"]
[EventDate "1981.08.01"]
[EventType "tourn"]
[EventRounds "15"]
[EventCountry "URS"]
[EventCategory "10"]
[Source "ChessBase"]
[SourceDate "1999.07.01"]
[WhiteTeamCountry "ENG"]
[BlackTeamCountry "HUN"]

1. e4 c5 2. Nf3 Nc6 3. d4 cxd4 4. Nxd4 g6 5. Nc3 Bg7 6. Be3 Nf6 7. Bc4 O-O 8.
Bb3 d6 9. h3 Na5 10. O-O b6 11. Re1 Bb7 12. Bg5 Nxb3 13. axb3 Re8 1/2-1/2

[Event "Riga"]
[Site "Riga"]
[Date "1981.??.??"]
[Round "12"]
[White "Adorjan, Andras"]
[Black "Bielczyk, Jacek"]
[Result "1/2-1/2"]
[WhiteElo "2530"]
[BlackElo "2405"]
[PlyCount "27"]
[EventDate "1981.08.01"]
[EventType "tourn"]
[EventRounds "15"]
[EventCountry "URS"]
[EventCategory "10"]
[Source "ChessBase"]
[SourceDate "1999.07.01"]
[WhiteTeamCountry "ENG"]
[BlackTeamCountry "HUN"]

1. e4 c5 2. Nf3 d6 3. Nc3 Nc6 4. d4 cxd4 5. Nxd4 Nf6 6. Bg5 e6 7. Qd2 a6 8.
O-O-O h6 9. Bf4 Bd7 10. Nxc6 Bxc6 11. f3 d5 12. Qe1 Bb4 13. a3 Ba5 14. Bd2
1/2-1/2

[Event "Riga"]
[Site "Riga"]
[Date "1981.??.??"]
[Round "13"]
[White "Ermenkov, Evgenij"]
[Black "Adorjan, Andras"]
[Result "1-0"]
[WhiteElo "2490"]
[BlackElo "2530"]
[PlyCount "123"]
[EventDate "1981.08.01"]
[EventType "tourn"]
[EventRounds "15"]
[EventCountry "URS"]
[EventCategory "10"]
[Source "ChessBase"]
[SourceDate "1999.07.01"]
[WhiteTeamCountry "ENG"]
[BlackTeamCountry "HUN"]

1. b4 e5 2. a3 c5 3. Bb2 e4 4. e3 Nf6 5. bxc5 Bxc5 6. Bxf6 Qxf6 7. Nc3 Qe5 8.
Bc4 Nc6 9. Nge2 b6 10. Bd5 f5 11. O-O Bd6 12. Ng3 Ba6 13. f4 Qf6 14. Nge2 Rc8
15. g4 Ne7 16. Bb3 Qg6 17. Rf2 fxg4 18. Ng3 Rxc3 19. dxc3 Bc5 20. Qd2 Nf5 21.
Qd5 Nxg3 22. hxg3 Rf8 23. Rd1 Bb5 24. f5 Qc6 25. Qe5+ Kd8 26. a4 Bxa4 27. Bxa4
Qxa4 28. Qxg7 Qc6 29. Kg2 Kc8 30. f6 a5 31. Rf5 a4 32. Rdd5 Ba3 33. f7 Qg6 34.
Qe5 Qe6 35. Qf4 Rxf7 36. Qxg4 Rxf5 37. Rxf5 Bb2 38. Rf8+ Kb7 39. Qf4 Qc6 40.
Qb8+ Ka6 41. c4 a3 42. c3 Bc1 43. Qe5 a2 44. Qb8 Bxe3 45. Qa8+ Qxa8 46. Rxa8+
Kb7 47. Rxa2 Bg5 48. Re2 e3 49. Rb2 Kc6 50. Kf3 h6 51. Ke4 Kc5 52. Kd3 Kc6 53.
Rb5 d6 54. Rb1 Kc5 55. Rb2 Kc6 56. Kd4 Kc7 57. Kd5 Bf6 58. Re2 Bg5 59. Re1 Kd7
60. Rd1 Bf6 61. Rd3 Bg5 62. Rd4 1-0

[Event "London BBC TV fin"]
[Site "London"]
[Date "1982.??.??"]
[Round "?"]
[White "Adorjan, Andras"]
[Black "Lobron, Eric"]
[Result "0-1"]
[WhiteElo "2515"]
[BlackElo "2440"]
[PlyCount "72"]
[EventDate "1982.??.??"]
[EventType "match"]
[EventRounds "1"]
[EventCountry "ENG"]
[Source "ChessBase"]
[SourceDate "2003.11.25"]
[WhiteTeamCountry "ENG"]
[BlackTeamCountry "HUN"]

1. e4 c6 2. d4 d5 3. Nc3 dxe4 4. Nxe4 Bf5 5. Nc5 Nd7 6. Nxb7 Qb6 7. Nc5 Nxc5 8.
dxc5 Qxc5 9. Bd3 Rd8 10. Nf3 Bxd3 11. cxd3 Qa5+ 12. Bd2 Qb5 13. O-O e6 14. Qc2
Rxd3 15. Be3 c5 16. Bxc5 Bxc5 17. a4 Qa6 18. Qxc5 Rd5 19. Qb4 Qb6 20. Qg4 g6
21. b4 Ne7 22. Ng5 Rd4 23. Qh3 h5 24. b5 O-O 25. Qe3 Nd5 26. a5 Qc5 27. Qe5 Rf4
28. b6 axb6 29. axb6 Rf5 30. Qb2 Rxg5 31. b7 Nb6 32. Rfb1 Qc6 33. f4 Rc5 34.
Qxb6 Rc1+ 35. Kf2 Rc2+ 36. Ke3 Qc3+ 0-1

[Event "Reykjavik op"]
[Site "Reykjavik"]
[Date "1982.??.??"]
[Round "?"]
[White "Adorjan, Andras"]
[Black "Arnason, Jon L"]
[Result "1/2-1/2"]
[WhiteElo "2515"]
[BlackElo "2445"]
[PlyCount "46"]
[EventDate "1982.02.??"]
[EventType "swiss"]
[EventRounds "11"]
[EventCountry "ISL"]
[Source "ChessBase"]
[SourceDate "1999.07.01"]
[WhiteTeamCountry "ENG"]
[BlackTeamCountry "HUN"]

1. c4 e5 2. Nc3 d6 3. g3 g6 4. Bg2 Bg7 5. d3 Ne7 6. e4 c5 7. Rb1 Nbc6 8. a3 a5
9. Nge2 Rb8 10. O-O O-O 11. Nb5 Be6 12. Nec3 f5 13. exf5 gxf5 14. Bg5 Qd7 15.
Bxe7 Nxe7 16. b4 axb4 17. axb4 cxb4 18. Rxb4 d5 19. Nxd5 Nxd5 20. cxd5 Bxd5 21.
Bxd5+ Qxd5 22. Qb3 Rfd8 23. Rb1 Rd7 1/2-1/2

[Event "Reykjavik op"]
[Site "Reykjavik"]
[Date "1982.??.??"]
[Round "?"]
[White "Adorjan, Andras"]
[Black "Kaiszauri, Konstantin"]
[Result "1-0"]
[WhiteElo "2515"]
[BlackElo "2395"]
[PlyCount "90"]
[EventDate "1982.02.??"]
[EventType "swiss"]
[EventRounds "11"]
[EventCountry "ISL"]
[Source "ChessBase"]
[SourceDate "1999.07.01"]
[WhiteTeamCountry "ENG"]
[BlackTeamCountry "HUN"]

1. c4 Nf6 2. Nc3 e5 3. Nf3 Nc6 4. g3 Bb4 5. Nd5 e4 6. Nh4 O-O 7. Bg2 Re8 8. O-O
Bc5 9. d3 exd3 10. Qxd3 Ne5 11. Qc2 c6 12. Be3 d6 13. Bxc5 dxc5 14. Ne3 Neg4
15. Nef5 g6 16. Rad1 Bxf5 17. Nxf5 Qc7 18. Nh4 Rad8 19. h3 Ne5 20. Qc3 Rd6 21.
b3 Qd7 22. Qa1 Qe7 23. Rxd6 Qxd6 24. Rd1 Qe7 25. Qc3 Ned7 26. e3 Nf8 27. Nf3
Rd8 28. Rxd8 Qxd8 29. Nd2 Qd6 30. f4 h5 31. Kf2 Qd8 32. Ke2 Ne6 33. Qe5 Ne8 34.
Be4 Qd6 35. Qc3 Qe7 36. Kf2 f5 37. Bf3 Qf6 38. Qd3 Qd8 39. Qc2 Nf6 40. Qc3 Kf7
41. Ke2 Qe7 42. Bg2 Qd8 43. Nf3 Nd7 44. Qd2 Qe7 45. Kf2 Ke8 1-0

[Event "Reykjavik op"]
[Site "Reykjavik"]
[Date "1982.??.??"]
[Round "?"]
[White "Adorjan, Andras"]
[Black "Kogan, Boris"]
[Result "1/2-1/2"]
[WhiteElo "2515"]
[BlackElo "2450"]
[PlyCount "51"]
[EventDate "1982.02.??"]
[EventType "swiss"]
[EventRounds "11"]
[EventCountry "ISL"]
[Source "ChessBase"]
[SourceDate "1999.07.01"]
[WhiteTeamCountry "ENG"]
[BlackTeamCountry "HUN"]

1. c4 e5 2. Nc3 Bb4 3. Nf3 Bxc3 4. dxc3 Nc6 5. g3 Nge7 6. c5 b6 7. Be3 O-O 8.
Bg2 Rb8 9. b3 f5 10. cxb6 cxb6 11. Bg5 d6 12. O-O h6 13. Bc1 f4 14. gxf4 exf4
15. c4 Be6 16. Bb2 Ng6 17. Kh1 Qe7 18. Rg1 Nce5 19. Nxe5 Nxe5 20. Bd5 Rf5 21.
f3 Re8 22. Be4 Rg5 23. Qd4 Rc8 24. Qf2 Bf5 25. Bd5+ Be6 26. Be4 1/2-1/2

[Event "Reykjavik op"]
[Site "Reykjavik"]
[Date "1982.??.??"]
[Round "?"]
[White "Adorjan, Andras"]
[Black "Sigurjonsson, Gudmundur"]
[Result "1-0"]
[WhiteElo "2515"]
[BlackElo "2435"]
[PlyCount "75"]
[EventDate "1982.02.??"]
[EventType "swiss"]
[EventRounds "11"]
[EventCountry "ISL"]
[Source "ChessBase"]
[SourceDate "1999.07.01"]
[WhiteTeamCountry "ENG"]
[BlackTeamCountry "HUN"]

1. c4 c5 2. Nf3 Nc6 3. d4 cxd4 4. Nxd4 Nf6 5. Nc3 e6 6. g3 Bc5 7. Nb3 Bb4 8.
Bg2 d5 9. cxd5 Nxd5 10. O-O Bxc3 11. bxc3 O-O 12. Ba3 Re8 13. c4 Nb6 14. Rc1
Bd7 15. Nc5 Qc7 16. Qb3 Red8 17. e3 Be8 18. Qc3 Rac8 19. f4 Nd7 20. Ne4 Qa5 21.
Qxa5 Nxa5 22. Be7 Nb6 23. Bxd8 Rxd8 24. c5 Nd5 25. Rfd1 Rb8 26. Kf2 Bc6 27. Rd3
b5 28. cxb6 Rxb6 29. Ra3 Rb2+ 30. Kg1 f5 31. Nf2 Nc4 32. Rb3 Rxa2 33. Rxc4 Ra1+
34. Bf1 Bb5 35. Kg2 Rxf1 36. Rc8+ Kf7 37. Rxb5 Nxe3+ 38. Kf3 1-0

[Event "Reykjavik op"]
[Site "Reykjavik"]
[Date "1982.??.??"]
[Round "?"]
[White "Adorjan, Andras"]
[Black "Westerinen, Heikki"]
[Result "1/2-1/2"]
[WhiteElo "2515"]
[BlackElo "2440"]
[PlyCount "55"]
[EventDate "1982.02.??"]
[EventType "swiss"]
[EventRounds "11"]
[EventCountry "ISL"]
[Source "ChessBase"]
[SourceDate "1999.07.01"]
[WhiteTeamCountry "ENG"]
[BlackTeamCountry "HUN"]

1. c4 Nf6 2. Nc3 e6 3. Nf3 d5 4. d4 c6 5. Bg5 dxc4 6. e4 b5 7. e5 h6 8. Bh4 g5
9. Nxg5 hxg5 10. Bxg5 Nbd7 11. exf6 Bb7 12. g3 c5 13. d5 Qb6 14. Bg2 O-O-O 15.
O-O b4 16. Na4 Qb5 17. a3 exd5 18. Re1 d4 19. Bxb7+ Kxb7 20. axb4 cxb4 21. Qxd4
Qxg5 22. Qxc4 Bd6 23. Re7 Bxe7 24. Qe4+ Kb8 25. fxe7 Rc8 26. Qxb4+ Ka8 27. Qe4+
Kb8 28. Qb4+ 1/2-1/2

[Event "Reykjavik op"]
[Site "Reykjavik"]
[Date "1982.??.??"]
[Round "?"]
[White "Bjarnason, Saevar"]
[Black "Adorjan, Andras"]
[Result "0-1"]
[WhiteElo "2290"]
[BlackElo "2515"]
[PlyCount "102"]
[EventDate "1982.02.??"]
[EventType "swiss"]
[EventRounds "11"]
[EventCountry "ISL"]
[Source "ChessBase"]
[SourceDate "1999.07.01"]
[WhiteTeamCountry "ENG"]
[BlackTeamCountry "HUN"]

1. Nf3 c5 2. g3 g6 3. Bg2 Bg7 4. O-O Nc6 5. c3 e5 6. d3 Nge7 7. e4 O-O 8. Nbd2
h6 9. Nc4 d6 10. Nh4 d5 11. exd5 Nxd5 12. Qb3 Nf4 13. gxf4 Qxh4 14. fxe5 Nxe5
15. Nxe5 Bxe5 16. f4 Bc7 17. Bd2 Bf5 18. Qxb7 Bb6 19. Be1 Qg4 20. Bg3 Bxd3 21.
Rfe1 c4+ 22. Kh1 Be2 23. Qe7 Rfe8 24. Qh4 Rad8 25. Qxg4 Bxg4 26. Rxe8+ Rxe8 27.
h3 Bf5 28. Bf1 Be4+ 29. Kh2 Bd3 30. Kg2 Bxf1+ 31. Kxf1 Re3 32. Be1 Rxh3 33. Kg2
Re3 34. b3 Kg7 35. bxc4 Re4 36. Kf3 Rxc4 37. Rb1 Ra4 38. Rb2 g5 39. Bd2 Kg6 40.
Rc2 Rc4 41. Rb2 Ba5 42. fxg5 hxg5 43. Bxg5 Rxc3+ 44. Kg2 Bb6 45. Bh4 f5 46. Be1
Rd3 47. Rb3 Rd1 48. Bb4 f4 49. a4 Kf5 50. a5 Bd4 51. Bc3 f3+ 0-1

[Event "Reykjavik op"]
[Site "Reykjavik"]
[Date "1982.??.??"]
[Round "?"]
[White "Horvath, Tamas"]
[Black "Adorjan, Andras"]
[Result "1/2-1/2"]
[WhiteElo "2400"]
[BlackElo "2515"]
[PlyCount "35"]
[EventDate "1982.02.??"]
[EventType "swiss"]
[EventRounds "11"]
[EventCountry "ISL"]
[Source "ChessBase"]
[SourceDate "1999.07.01"]
[WhiteTeamCountry "ENG"]
[BlackTeamCountry "HUN"]

1. e4 e6 2. d4 d5 3. Nd2 c5 4. exd5 Qxd5 5. Ngf3 cxd4 6. Bc4 Qd6 7. O-O Nf6 8.
Nb3 Nc6 9. Nbxd4 Nxd4 10. Qxd4 Qxd4 11. Nxd4 Be7 12. Re1 Bd7 13. Bf4 Rc8 14.
Bb3 Rc5 15. Rad1 O-O 16. Nf3 Rfc8 17. Be3 Ra5 18. Bd4 1/2-1/2

[Event "Reykjavik op"]
[Site "Reykjavik"]
[Date "1982.??.??"]
[Round "?"]
[White "Petursson, Margeir"]
[Black "Adorjan, Andras"]
[Result "1/2-1/2"]
[WhiteElo "2415"]
[BlackElo "2515"]
[PlyCount "35"]
[EventDate "1982.02.??"]
[EventType "swiss"]
[EventRounds "11"]
[EventCountry "ISL"]
[Source "ChessBase"]
[SourceDate "1999.07.01"]
[WhiteTeamCountry "ENG"]
[BlackTeamCountry "HUN"]

1. d4 Nf6 2. c4 e6 3. Nf3 b6 4. g3 Ba6 5. Nbd2 Bb4 6. Qc2 c5 7. Bg2 Nc6 8. dxc5
Bxc5 9. a3 Be7 10. O-O Rc8 11. b4 Bb7 12. Bb2 h6 13. Rfd1 O-O 14. Ne4 Nxe4 15.
Qxe4 Bf6 16. Bxf6 Qxf6 17. Qe3 Rfd8 18. Rac1 1/2-1/2

[Event "Reykjavik op"]
[Site "Reykjavik"]
[Date "1982.??.??"]
[Round "?"]
[White "Schneider, Lars Ake"]
[Black "Adorjan, Andras"]
[Result "1/2-1/2"]
[WhiteElo "2435"]
[BlackElo "2515"]
[PlyCount "68"]
[EventDate "1982.02.??"]
[EventType "swiss"]
[EventRounds "11"]
[EventCountry "ISL"]
[Source "ChessBase"]
[SourceDate "1999.07.01"]
[WhiteTeamCountry "ENG"]
[BlackTeamCountry "HUN"]

1. e4 c6 2. d4 d5 3. Nd2 dxe4 4. Nxe4 Nd7 5. Bc4 Ngf6 6. Ng5 e6 7. Qe2 Nb6 8.
Bd3 h6 9. N5f3 c5 10. dxc5 Bxc5 11. Ne5 Nbd7 12. Ngf3 O-O 13. O-O b6 14. b4
Nxe5 15. Nxe5 Bd6 16. Bb2 Bb7 17. Ng4 Nxg4 18. Qxg4 Qg5 19. Qxg5 hxg5 20. a3
Rfd8 21. Rfd1 Rac8 22. c4 Ba6 23. b5 Bb7 24. Bd4 f5 25. Be2 Be4 26. a4 Bc2 27.
Rdc1 Bf4 28. Rxc2 Rxd4 29. c5 Rxc5 30. Rxc5 bxc5 31. a5 g4 32. g3 Bb8 33. Rc1
Bc7 34. Ra1 Bb8 1/2-1/2

[Event "Reykjavik op"]
[Site "Reykjavik"]
[Date "1982.??.??"]
[Round "?"]
[White "Shamkovich, Leonid"]
[Black "Adorjan, Andras"]
[Result "1/2-1/2"]
[WhiteElo "2470"]
[BlackElo "2515"]
[PlyCount "20"]
[EventDate "1982.02.??"]
[EventType "swiss"]
[EventRounds "11"]
[EventCountry "ISL"]
[Source "ChessBase"]
[SourceDate "1999.07.01"]
[WhiteTeamCountry "ENG"]
[BlackTeamCountry "HUN"]

1. e4 c6 2. d4 d5 3. Nc3 dxe4 4. Nxe4 Nd7 5. Nf3 Ngf6 6. Nxf6+ Nxf6 7. Ne5 Nd7
8. Nxd7 Bxd7 9. Bc4 Bf5 10. O-O e6 1/2-1/2

[Event "Reykjavik op"]
[Site "Reykjavik"]
[Date "1982.??.??"]
[Round "?"]
[White "Wedberg, Tom"]
[Black "Adorjan, Andras"]
[Result "1/2-1/2"]
[WhiteElo "2435"]
[BlackElo "2515"]
[PlyCount "50"]
[EventDate "1982.02.??"]
[EventType "swiss"]
[EventRounds "11"]
[EventCountry "ISL"]
[Source "ChessBase"]
[SourceDate "1999.07.01"]
[WhiteTeamCountry "ENG"]
[BlackTeamCountry "HUN"]

1. e4 c6 2. d4 d5 3. Nd2 dxe4 4. Nxe4 Nd7 5. Bc4 Ngf6 6. Ng5 e6 7. Qe2 Nb6 8.
Bd3 h6 9. N5f3 c5 10. Be3 a6 11. c3 Nbd5 12. Ne5 cxd4 13. Bxd4 Nf4 14. Qf3
Nxd3+ 15. Qxd3 b5 16. Ne2 Bb7 17. Nf4 Be4 18. Qe3 Bd6 19. Nh5 Nxh5 20. Qxe4 O-O
21. O-O Qc7 22. Rfe1 Nf6 23. Qh4 Bc5 24. Rad1 Rad8 25. Bxc5 Qxc5 1/2-1/2

[Event "Sarajevo"]
[Site "Sarajevo"]
[Date "1982.??.??"]
[Round "?"]
[White "Adorjan, Andras"]
[Black "Arapovic, Vitomir"]
[Result "1-0"]
[WhiteElo "2515"]
[BlackElo "2370"]
[PlyCount "73"]
[EventDate "1982.03.??"]
[EventType "tourn"]
[EventRounds "15"]
[EventCountry "YUG"]
[EventCategory "10"]
[Source "ChessBase"]
[SourceDate "1999.07.01"]
[WhiteTeamCountry "ENG"]
[BlackTeamCountry "HUN"]

1. e4 e6 2. d4 d5 3. Nd2 Nf6 4. e5 Nfd7 5. c3 c5 6. f4 Nc6 7. Ndf3 Qa5 8. Be3
Qb6 9. Rb1 cxd4 10. Nxd4 Nc5 11. Ngf3 a5 12. Nxc6 Qxc6 13. Be2 Be7 14. Nd4 Qc7
15. O-O O-O 16. Bf3 Bd7 17. Qe2 a4 18. Rbc1 Rac8 19. Kh1 Kh8 20. a3 f6 21. exf6
Rxf6 22. Bg4 Bd6 23. g3 Rcf8 24. Bf3 Qa5 25. Bg2 Be8 26. c4 dxc4 27. Qxc4 Bg6
28. Qb5 Qa6 29. Rxc5 Bxc5 30. Qxc5 e5 31. Nb5 Bd3 32. Nc7 b6 33. Qxf8+ Rxf8 34.
Nxa6 Bxf1 35. Bxf1 exf4 36. Bxf4 g5 37. Be5+ 1-0

[Event "Sarajevo"]
[Site "Sarajevo"]
[Date "1982.??.??"]
[Round "?"]
[White "Adorjan, Andras"]
[Black "Kelecevic, Nedeljko"]
[Result "1/2-1/2"]
[WhiteElo "2515"]
[BlackElo "2390"]
[PlyCount "31"]
[EventDate "1982.03.??"]
[EventType "tourn"]
[EventRounds "15"]
[EventCountry "YUG"]
[EventCategory "10"]
[Source "ChessBase"]
[SourceDate "1999.07.01"]
[WhiteTeamCountry "ENG"]
[BlackTeamCountry "HUN"]

1. c4 Nf6 2. Nc3 d5 3. d4 e6 4. Nf3 c5 5. cxd5 Nxd5 6. e4 Nxc3 7. bxc3 cxd4 8.
cxd4 Nc6 9. Bc4 Bb4+ 10. Bd2 Bxd2+ 11. Qxd2 O-O 12. O-O Qd6 13. Rad1 Rd8 14. d5
exd5 15. exd5 Ne7 16. Rfe1 1/2-1/2

[Event "Sarajevo"]
[Site "Sarajevo"]
[Date "1982.??.??"]
[Round "?"]
[White "Adorjan, Andras"]
[Black "Kovacevic, Vlatko"]
[Result "0-1"]
[WhiteElo "2515"]
[BlackElo "2495"]
[PlyCount "87"]
[EventDate "1982.03.??"]
[EventType "tourn"]
[EventRounds "15"]
[EventCountry "YUG"]
[EventCategory "10"]
[Source "ChessBase"]
[SourceDate "1999.07.01"]
[WhiteTeamCountry "ENG"]
[BlackTeamCountry "HUN"]

1. e4 e6 2. d4 d5 3. Nd2 Nf6 4. e5 Nfd7 5. c3 c5 6. f4 Nc6 7. Ndf3 cxd4 8. cxd4
Nb6 9. Bd3 Bd7 10. Ne2 Nb4 11. Bb1 Ba4 12. b3 Bd7 13. O-O h5 14. f5 exf5 15.
Nf4 Be7 16. Qe1 Be6 17. Qg3 Kd7 18. a3 Nc6 19. Qxg7 Rg8 20. Qh6 Rh8 21. Nxe6
fxe6 22. Qe3 Rg8 23. Bd3 Qf8 24. Rf2 Rg4 25. Bb2 Qg7 26. Rc1 Rg8 27. Rcc2 h4
28. h3 Rg3 29. Kf1 a6 30. Qc1 Bg5 31. Qe1 Qh6 32. Qc3 Be3 33. Bxa6 Bxd4 34. Qd3
Bxb2 35. Bxb7 Nxe5 36. Nxe5+ Bxe5 37. Qb5+ Ke7 38. Qxb6 Qe3 39. Qxe3 Rxe3 40.
Rfe2 Rxe2 41. Rxe2 Kd6 42. b4 Rg3 43. Ra2 Rb3 44. Bc8 0-1

[Event "Sarajevo"]
[Site "Sarajevo"]
[Date "1982.??.??"]
[Round "?"]
[White "Adorjan, Andras"]
[Black "Kurajica, Bojan"]
[Result "1/2-1/2"]
[WhiteElo "2515"]
[BlackElo "2510"]
[PlyCount "80"]
[EventDate "1982.03.??"]
[EventType "tourn"]
[EventRounds "15"]
[EventCountry "YUG"]
[EventCategory "10"]
[Source "ChessBase"]
[SourceDate "1999.07.01"]
[WhiteTeamCountry "ENG"]
[BlackTeamCountry "HUN"]

1. c4 e6 2. Nc3 d5 3. d4 Nf6 4. Nf3 Bb4 5. cxd5 exd5 6. Bg5 h6 7. Bh4 g5 8. Bg3
Ne4 9. Nd2 Nxc3 10. bxc3 Bxc3 11. Rc1 Bxd2+ 12. Qxd2 Nc6 13. h4 g4 14. h5 Bf5
15. Rc5 Qe7 16. f3 Be6 17. Kf2 Rc8 18. Qf4 Qg5 19. e3 O-O 20. Bb5 Nb4 21. a3 c6
22. Be2 Na6 23. Bxa6 bxa6 24. Rhc1 Kh7 25. Qxg5 hxg5 26. Bd6 Rfe8 27. Rxc6 gxf3
28. gxf3 Kh6 29. R1c5 Rxc6 30. Rxc6 a5 31. Ra6 Ra8 32. e4 Kxh5 33. exd5 Bxd5
34. Rxa5 Be6 35. Be7 f5 36. d5 Bd7 37. Ra6 Re8 38. d6 Ra8 39. Ke3 Kg6 40. Kd4
g4 1/2-1/2

[Event "Sarajevo"]
[Site "Sarajevo"]
[Date "1982.??.??"]
[Round "?"]
[White "Adorjan, Andras"]
[Black "Sax, Gyula"]
[Result "1/2-1/2"]
[WhiteElo "2515"]
[BlackElo "2550"]
[PlyCount "36"]
[EventDate "1982.03.??"]
[EventType "tourn"]
[EventRounds "15"]
[EventCountry "YUG"]
[EventCategory "10"]
[Source "ChessBase"]
[SourceDate "1999.07.01"]
[WhiteTeamCountry "ENG"]
[BlackTeamCountry "HUN"]

1. b3 Nf6 2. Bb2 g6 3. Nf3 Bg7 4. g3 b6 5. Bg2 Bb7 6. O-O O-O 7. c4 c5 8. Nc3
Na6 9. d4 d5 10. dxc5 Nxc5 11. Nxd5 Nxd5 12. Bxg7 Kxg7 13. cxd5 Qxd5 14. Qxd5
Bxd5 15. Rfd1 Rfd8 16. Nd4 Bxg2 17. Kxg2 Rd7 18. b4 Rad8 1/2-1/2

[Event "Sarajevo"]
[Site "Sarajevo"]
[Date "1982.??.??"]
[Round "?"]
[White "Adorjan, Andras"]
[Black "Smejkal, Jan"]
[Result "1/2-1/2"]
[WhiteElo "2515"]
[BlackElo "2570"]
[PlyCount "84"]
[EventDate "1982.03.??"]
[EventType "tourn"]
[EventRounds "15"]
[EventCountry "YUG"]
[EventCategory "10"]
[Source "ChessBase"]
[SourceDate "1999.07.01"]
[WhiteTeamCountry "ENG"]
[BlackTeamCountry "HUN"]

1. d4 Nf6 2. c4 g6 3. Nc3 Bg7 4. e4 d6 5. Nf3 O-O 6. Be2 e5 7. dxe5 dxe5 8.
Qxd8 Rxd8 9. Bg5 Re8 10. Nd5 Nxd5 11. cxd5 c6 12. Bc4 cxd5 13. Bxd5 Na6 14. Rc1
Nb4 15. Bc4 Be6 16. Bxe6 Rxe6 17. Rc7 Nd3+ 18. Ke2 Nf4+ 19. Bxf4 exf4 20. Nd2
Bxb2 21. Rxb7 Bc3 22. Rc1 Bxd2 23. Kxd2 Rd8+ 24. Ke2 Rxe4+ 25. Kf3 Re5 26. Rc2
Rd3+ 27. Kxf4 Rf5+ 28. Kg4 h5+ 29. Kh4 a5 30. Rb3 Rxb3 31. axb3 Rb5 32. Rc3 a4
33. bxa4 Rb4+ 34. Kg5 Kg7 35. f4 f6+ 36. Kh4 Rxf4+ 37. Kg3 Rxa4 38. h4 Rg4+ 39.
Kh3 Rb4 40. Rc7+ Kh6 41. Rf7 Rf4 42. g3 Rf2 1/2-1/2

[Event "Sarajevo"]
[Site "Sarajevo"]
[Date "1982.??.??"]
[Round "?"]
[White "Bistric, Faruk"]
[Black "Adorjan, Andras"]
[Result "0-1"]
[WhiteElo "2400"]
[BlackElo "2515"]
[PlyCount "66"]
[EventDate "1982.03.??"]
[EventType "tourn"]
[EventRounds "15"]
[EventCountry "YUG"]
[EventCategory "10"]
[Source "ChessBase"]
[SourceDate "1999.07.01"]
[WhiteTeamCountry "ENG"]
[BlackTeamCountry "HUN"]

1. e4 c5 2. Ne2 g6 3. d4 cxd4 4. Nxd4 Nf6 5. Nc3 d6 6. Be2 Bg7 7. O-O O-O 8.
Bg5 Nc6 9. Nb3 a6 10. f4 b5 11. a3 Bb7 12. Bf3 a5 13. Kh1 b4 14. axb4 axb4 15.
Rxa8 Bxa8 16. Nd5 e6 17. Nxf6+ Bxf6 18. Bxf6 Qxf6 19. Qxd6 Qxb2 20. Qc5 Qc3 21.
Qf2 Rd8 22. e5 Qc4 23. Re1 Rc8 24. Be4 Ne7 25. Bd3 Qc3 26. Rf1 Nf5 27. Ra1 Bd5
28. Rb1 Kg7 29. h3 Ra8 30. Nc5 Ra2 31. Kh2 Qd4 32. Qxd4 Nxd4 33. Rxb4 Nxc2 {
(...50.)} 0-1